Score 0/29 Timer 03:00
0 Plays Today
Clue 4-Letter Word % Correct
Clenched handFIST
97.3%
A light fogMIST
96.9%
Sea-going vesselBOAT
96.5%
Castle's protectionMOAT
96.2%
Greatest amountMOST
96%
Gain unauthorized computer accessHACK
93.1%
Fly like a kiteSOAR
93%
Early morningDAWN
92.2%
Sow's mateBOAR
92%
Place to hang a towelRACK
92%
Board game of world conquestRISK
90.1%
Digital storage deviceDISK
89.2%
Satellite TV receptorDISH
86.4%
B-sharp or F-flat, e.g.NOTE
84.8%
Goldie of 'Private Benjamin'HAWN
84.7%
Clue 4-Letter Word % Correct
Osprey alias: [09] [16]
OR Search for something concealed
∞ FISH ∞
84%
Echinoderm with tube feet: [01] [09]
OR Hollywood walk of fame unit
∞ STAR ∞
83.9%
A mild curse wordDARN
83.4%
Tuukka of the Boston BruinsRASK
82.9%
First person possessiveMINE
81.9%
Partner of 'truth'DARE
81.6%
Lepidopteran like a hummingbird: [16] [25]
OR Sell wares on the street
∞ HAWK ∞
80.3%
March 3, 2037, e.g.DATE
80.3%
Blood sucking arachnidMITE
73.4%
Silver of the 538 websiteNATE
73.4%
Six-second celebrity: [29] [01]
OR A creeping plant
∞ VINE ∞
68.5%
Tiny piece (as of dust)MOTE
62.3%
Milky weed from Brazil: [25] [29]
OR silk-producing insect
∞ MOTH ∞
57.2%
Chris of 'Sex and the City'NOTH
56.3%

Today's Daily Dose

Remove Ads.
Support Sporcle.
Get the best of Sporcle when you Go Orange. This ad-free experience offers more features, more stats, and more fun while also helping to support Sporcle. Thank you for becoming a member.

You're not logged in!

Compare scores with friends on all Sporcle quizzes.
OR
Log In

Show Comments

Extras

Top Quizzes Today


Score Distribution

Your Account Isn't Verified!

In order to create a playlist on Sporcle, you need to verify the email address you used during registration. Go to your Sporcle Settings to finish the process.

Report this User

Report this user for behavior that violates our Community Guidelines.

Details: